Mystery Taylor Swift Song #69 - Statistics

General Stats
  • This quiz has been taken 418 times
  • The average score is 95 of 129
Answer Stats
Song % Correct
I
97%
a
95%
you
95%
You
95%
you)
95%
the
94%
me
92%
me?
92%
it
90%
it?)
90%
it?
90%
Reputation
90%
We
90%
do
89%
do?
89%
Is
89%
so
89%
in
88%
My
88%
your
88%
to
87%
where
87%
can
86%
on
86%
This
86%
you're
86%
and
85%
for
85%
all
84%
can't
84%
like
84%
of
84%
Cause
83%
it's
83%
never
83%
that
83%
that?
83%
when
83%
But
82%
Delicate
82%
(delicate)
82%
delicate?
82%
delicate?)
82%
know
82%
said
82%
at?
81%
at
81%
been
81%
ever
81%
(Isn't
81%
Isn't
81%
make
81%
now
81%
head?
80%
look
80%
Are
79%
too
79%
Any
78%
best
78%
cool
77%
babe?
76%
don't
76%
reputation's
76%
worse
76%
back
75%
must
75%
promises
75%
soon
75%
could
74%
drink
73%
things
73%
time
73%
yet?
73%
Side
72%
with
72%
Just
71%
mine
71%
blue
70%
damn
70%
East
70%
Oh
70%
think
70%
chill
69%
ain't
68%
eyes
68%
hands
68%
color
67%
girls
67%
into
67%
seen
67%
wanna
67%
want
67%
home
66%
meet
66%
touch
66%
fun
65%
night
65%
up
65%
here
63%
West
63%
dreaming
62%
pretend
62%
sleep
62%
Sometimes
62%
view
62%
hair
61%
bar
60%
wonder
60%
Dark
58%
jeans
58%
mansion
58%
Nikes
58%
Dive
57%
Handsome
57%
Come
56%
(Yeah
56%
share
55%
stairs
52%
honey
51%
Stay
51%
footsteps
50%
Echoes
46%
Long
46%
black
44%
Phone
43%
lights
39%
nightstand
38%
floor
35%
Third
33%
No matching quizzes found
Score Distribution
Percent of People with Each Score
Percentile by Number Answered
Your Score History
You have not taken this quiz